02145njm a2200577 i 450000100060000000300090000600500170001500700150003200800410004702000150008804000360010304100080013904600090014708000280015608000120018410000430019624500270023926000400026630001150030633600390042133600360046033700230049633700260051933700630054533800320060833800360064038000110067638800140068738800140070149000590071550000380077450000340081250000680084650501770091460000310109164800140112264800140113665000280115065500280117865500410120665500260124765500210127365500210129470000270131571000270134271000290136983000580139894200120145699900170146895200820148534966KOSZ 00520220822083143.0sd fsngnnmmned061010s2005 pl munn i 000 0 d a836000417X cKOSZ 005aKOSZ 005dKOSZ 005/AR0 apol k2005 a780.8:780.611/.615(436) a(086.7)1 aHaydn, Josephd(1732-1809)eKompozytor10aHaydn /cJoseph Haydn. aWarszawa :bMediasat Poland,c2005. a1 płyta CD (73 min 13 s) :bzapis cyfrowy, stereo ;c12 cm +eTekst : 43 strony : ilustracje ; 13 cm x 14 cm. 2rdacontentaNagranie muzycznebprm 2rdacontent3DodatekaTekstbtxt 2rdamediaaAudiobs 2rdamediaaKomputerbc 2rdamedia3DodatekaBez urządzenia pośredniczącegobn 2rdacarrieraPłyta audiobd 2rdacarrier3DodatekaWoluminbc aMuzyka a1701-1800 a1801-19001 aBiblioteka Gazety Wyborczej. Wielcy Kompozytorzy ;v11 aTekst komentarza: Andrzej Sitarz. aWykonanie: Festetics Quartet. aNagranie: Biblioteka Techniczna, Budapeszt, Węgry, 1993-1999. aKwartet smyczkowy c-moll op.17 nr 4(Hob.III.28), kwartet smyczkowy B-dur op. 76 nr 4 (hob.III.78)("Wschód słońca"), Kwartet smyczkowy fis-moll op.50 nr 4 (Hob.III.47).17aHaydn, Josephd(1732-1809) 7a1701-1800 7a1801-1900 9aKompozytorzy austriaccy aDokumenty dźwiękowe aKwartet smyczkowy (utwór muzyczny) aMuzyka instrumentalna aMuzyka kameralna aMuzyka poważna1 aSitarz, AndrzejeTekst 2aFestetics Vonósngyes 2aMediasat PolandeWydawca 0aBiblioteka Gazety Wyborczej.pWielcy Kompozytorzyv11 cCD2UKD c34966d34966 00104071aBPKbBPKccg14.90oCD 1338p00336086t0/9(0.034.2) Dev14.90yCD